Cogeneración: diseño, operación y mantenimiento de plantas de cogeneración

Guardat en:
Dades bibliogràfiques
Autors principals: García Garrido, Santiago (Autor), Fraile Chico, Diego (Autor)
Format: Llibre
Idioma:espanyol
Publicat: Madrid Díaz de Santos 2008
Matèries:
Etiquetes: Afegir etiqueta
Sense etiquetes, Sigues el primer a etiquetar aquest registre!

MARC

LEADER 00000nam a2200000 a 4500
001 UCI9783
003 CL-VaPUC
008 081212e20080000SP |||||||||||||||||spa|d
020 |a 9788479788452 
082 0 4 |a 621.3121  |b GAR  |2 21 
100 |a García Garrido, Santiago  |e author  |9 598527 
700 0 |a Fraile Chico, Diego  |e author  |9 533712 
245 1 0 |a Cogeneración: diseño, operación y mantenimiento de plantas de cogeneración 
300 |a 543 p 
942 |c BK 
945 |d 20081212 00:00:00  |a rbrito 
260 |a Madrid  |b Díaz de Santos  |c 2008 
650 0 |a Generación de energía eléctrica  |9 345677 
650 7 |a DISTRIBUCION DE ELECTRICIDAD  |2 CL-VaPUC  |9 532508 
650 7 |a MANTENIMIENTO Y REPARACION  |2 CL-VaPUC  |9 260850 
650 0 |a Motores eléctricos   |9 260085 
650 0 |a Máquinas eléctricas  |9 260079 
650 7 |a MANTENIMIENTOS  |2 CL-VaPUC  |9 533713 
650 7 |a SERVICIOS DE MANTENIMIENTOS  |2 CL-VaPUC  |9 533714 
650 0 |a Cogeneración  |9 440297 
583 |a last modification  |c 20081212 00:00:00  |k Rodrigo Vera 
999 |c 332250  |d 332248